| 000 | 00699nam a2200217Ia 4500 | ||
|---|---|---|---|
| 005 | 20250508164453.0 | ||
| 008 | 008 250505s9999 xx 000 0 hin d | ||
| 037 | _aTextBook | ||
| 040 |
_aFEDL _beng _cFEDL |
||
| 041 |
_ahin _2hin |
||
| 084 |
_a303.484, SAD/R _qFEDL |
||
| 100 |
_aSadgopal Anil Ed. _9778229 |
||
| 245 | 0 | _aSungharsh aur nirmaan: Saheed Sankar Guha Niyogi aur unka nai bharat ka sapna | |
| 260 |
_aNew Delhi, India _bRajkamal Prakashan _c1993 |
||
| 300 | _a681p. | ||
| 365 |
_aINR _b1250 |
||
| 546 | _aAcc. No. 82917 is MACESE book and 90042 is CSEC book | ||
| 700 |
_a Shyam Bahadur Ed. _9778230 |
||
| 942 |
_cTB _h303.484, SAD/R |
||
| 999 |
_c1389292 _d1389292 |
||